1382 1368 1955 1332 1248 1186 1444 1759 1489 1108 1601 1247 1841 1380 1881 1488 1456 1486 1791 1829 1347 1230 1802 1835 1636 1135 1570 1199 1516 1296 1839 1659 1639 1705 1964 1469 1548 1101 1688 1641 1879 1561 1159 1859 1339 1071 1938 1472 1875 1007 1710 1148 1175 1608 1185 1187 1025 1512 1508 1860 1525 1025 1661 1039 1675 1374 1523 1643 1774 1561 1499 1022 1497 1709 1905 1852 1500 1892 1374 1697 1978 1434 1595 1197 1327 1327 1508 1350 1885 1008 1627 1219 1736 1288 1041 1159 1057 1519 1670 BCNSPRNW ULIB Ver.6.0+V

เปลี่ยนเป็นภาษาไทย

Change to English
 แสดงรายละเอียดบรรณานุกรม
  กลับหน้าหลัก

Brief Record : Get Marc (ISO 2709) : E-mail record : QR code < ปิดหน้าต่าง
LEADER : 00000nam 2200000uu 4500
001    13399114462
003     ULIB
008    110314s||||||||th 000 0 tha d
020    9789748230528
060 04 ^aW32.JT3^bฉ236บ
100 0  ฉัตรสุมน พฤฒิภิญโญ
245 10 บริหารกฎหมายการแพทย์และสาธารณสุข 2554 /^cฉัตรสุมน พฤฒิภิญโญ
250    พิมพ์ครั้งที่ 1
260    กรุงเทพฯ :^bภาควิชาบริหารสาธารณสุข คณะสาธารณสุขศาสตร์ มหาวิทยาลัยมหิดล,^c2554
300    xxi, 358 หน้า :^bภาพประกอบ ;^c27 ซม.
650  7 กฎหมายทางการแพทย^zไทย
650  7 การบริหารสาธารณสุข^zไทย
650  7 สาธารณสุข^xกฎหมายและระเบียบข้อบังคับ^zไทย
710 1  มหาวิทยาลัยมหิดล.^bคณะสาธารณสุขศาสตร์.^bภาควิชาบริหารสาธารณสุข.
945    ^p0^l0^i031586
995    ทศพร
999 ^a ใช้งานได้ทุกระบบ
รายการนี้ยังไม่มีแท็ก
คุณยังไม่ได้ล็อกอิน คุณสามารถมีกิจกรรมร่วมกับเว็บไซต์ได้ แต่ต้องล็อกอินก่อน ::
  ล็อกอิน

รายการสื่อสารสนเทศ

ลำดับที่ ประเภท เลขเรียก/บาร์โค้ด สถานที่ สถานะ
1. วิทยาศาสตร์การแพทย์ และสุขภาพ
หนังสือสำรอง
สถานะ=หนังสือสำรอง
W32.JT3 ฉ236บ ฉ.1 
  Barcode: 031586
ห้องสมุดวิทยาเขตสวรรค์ประชารักษ์
►ส่วนจัดเก็บหนังสือเก่า สปร
บนชั้น
  ขอยืม

รายการใกล้เคียง
    ผู้แต่ง [ฉัตรสุมน พฤฒิภิญโญ]

BibComment


ยังไม่เคยถูกคอมเมนท์

คอมเมนท์ทรัพยากรรายการนี้
  คอมเมนท์: บริหารกฎหมายการแพ..


 Copyright 2026. Bcnsprnw @Library